| 000 | 00962cam a22002174a 4500 | ||
|---|---|---|---|
| 005 | 20250605164108.0 | ||
| 008 | 250528s ||||||||||||||||||||||||d | ||
| 035 | _a17805 | ||
| 020 | _a9783110572094 | ||
| 040 |
_aGR-AtMCL _bgre _dGR-AtMCL _eAACR2 |
||
| 245 | 1 | _aCementitious Materials Science / Theories and Applications | |
| 260 |
_bDe Gruyter, _c2019 |
||
| 300 | _a410 | ||
| 520 | _aWith a focus on port land cement, the book systematically illustrates the composition, properties, and applications of different kinds of cementitious materials, and presents their reaction during the hydration and hardening process. Preface, Introduction, Common Portland Cement, Characteristic Cement and Special Cement, Gypsum, Lime, Magnesia Cementious Materials, Other Binders, Appendix, Bibliography, Index. | ||
| 700 | 1 |
_aWei Chen _94065 |
|
| 700 | 1 |
_aWeihong Xing _94066 |
|
| 700 | 1 |
_aZongshou Lin _94067 |
|
| 942 | _cBK | ||
| 999 |
_c3205 _d3205 |
||